La danse en peinture - Statistiques

Statistiques générales
  • Ce quiz a été pris 147 fois
  • Le résultat moyen est 7 sur 30
Statistiques - réponses
Par images Hint Réponse % Correct
La classe de danse Edgar Degas
87%
Danse à Bougival Pierre Renoir
86%
La Danse Henri Matisse
85%
Troupe de Mlle Eglantine Henri de Toulouse-Lautrec
66%
Danseuses sur la scène Edgar Degas
60%
La danse au Moulin Rouge Henri de Toulouse-Lautrec
53%
Broadway Boogie Woogie Piet Mondrian
51%
Danse à la ville Auguste Renoir
48%
La Danse Marc Chagall
46%
La danse de la vie humaine Nicolas Poussin
27%
La danse de la vie Edvard Munch
25%
Danse villageoise Pieter Brueghel l'Ancien
21%
La danse des Nymphes Jean-Baptiste Corot
19%
Danse sur les rives du Manzanares Francisco Goya
7%
Le café de Paris Jean Béraud
7%
Eté, la danse Pierre Bonnard
7%
La Danse William-Adolphe Bouguereau
7%
La danse villageoise Jean-Antoine Watteau
6%
Danseuse de flamenco John Singer Sargent
4%
La danse chinoise François Boucher
3%
Danse de Salomé Robert Fowler
2%
Danseuses maures Théodore Chassériau
2%
Danse dans une posada Eugène Giraud
1%
Louis XIV dans le ballet de la nuit Henri de Gissey
1%
La danse de l'aimée Jean-Léon Gérôme
1%
La tarentelle Léon Bazile Perrault
1%
Dancing de Montmartre Manuel Orazi
1%
La danse des sept voiles Maurycy Gottlieb
1%
La ronde Natalia Goncharova
1%
Françoise Prévost en bacchante Jean-Pierre Dalbera
0%
Aucun quiz correspondant
Distribution des résultats
% des personnes avec chaque résultat
Percentile par nombre de réponses
Votre historique - résultats
Vous n’avez pas pris ce quiz